000 02289nam a22002657a 4500
003 Uzh_bibl
008 260427b |||||||| |||| 00| 0 ukr d
020 _a978-966-8659-90-4
_c69.83
040 _bукр.
041 _2ukr
_aukr
080 _a821.161.2
090 _a821.161.2
_bП 52
100 _aПоложій, Євген
245 _aП'ять секунд, п'ять днів
_hТекст
260 _aКиїв
_bНора-Друк
_c2016
300 _a176 с.
_fВ опр.
490 _aсерія "Читацький клуб"
520 _aП’ять секунд, п’ять днів, п’ять років, вічність — такий часовий алгоритм нового роману Євгена Положія. Головний герой, який все життя — у Вільних профспілках, на обох Майданах — бореться за справедливість, зрештою, коли починається війна, йде на фронт і там потрапляє в «Іловайський котел». Тяжко поранений, у складі групи з тринадцяти бійців, намагається вижити в безнадійній ситуації. Після піврічного лікування, восьми операцій, емоційно виснажений, він приймає рішення, що вже зробив свою справу і прийшов час відпочити. Але коли старий товариш — народний герой, той, хто разом з ним пліч-о-пліч боровся за правду, тепер силою і страхом створює в рідному місті свою бізнес-імперію, стає очевидним: якщо не борешся зі злом, опиняєшся на темному боці. Тож боротьба триває...<br/>
521 _aДля широкого кола читачів
546 _aукр.
650 _aЛітературно-художнє видання
653 _aГерой
_aІловайський котел
_aВійна
655 _aХудожня література
_vРоман
942 _2udc
_cBK
999 _c17530
_d17530